<?xml version="1.0" encoding="UTF-8"?><marc:collection xmlns:marc="http://www.loc.gov/MARC21/slim">
  <marc:record>
    <marc:leader>02570cam a2200517 c 4500</marc:leader>
    <marc:controlfield tag="001">227425529</marc:controlfield>
    <marc:controlfield tag="003">DE-627</marc:controlfield>
    <marc:controlfield tag="005">20250130184454.0</marc:controlfield>
    <marc:controlfield tag="007">tu</marc:controlfield>
    <marc:controlfield tag="008">970513s1711    xx |||||      00| ||lat c</marc:controlfield>
    <marc:datafield tag="024" ind1="7" ind2=" ">
      <marc:subfield code="a">VD18 11522461</marc:subfield>
      <marc:subfield code="2">vd18</marc:subfield>
    </marc:datafield>
    <marc:datafield tag="026" ind1=" " ind2=" ">
      <marc:subfield code="e">[fei]emus m,a- o-mo cis, C 1711R</marc:subfield>
      <marc:subfield code="2">fei</marc:subfield>
      <marc:subfield code="5">DE-32</marc:subfield>
    </marc:datafield>
    <marc:datafield tag="035" ind1=" " ind2=" ">
      <marc:subfield code="a">(DE-627)227425529</marc:subfield>
    </marc:datafield>
    <marc:datafield tag="035" ind1=" " ind2=" ">
      <marc:subfield code="a">(DE-576)9227425527</marc:subfield>
    </marc:datafield>
    <marc:datafield tag="035" ind1=" " ind2=" ">
      <marc:subfield code="a">(DE-599)GBV227425529</marc:subfield>
    </marc:datafield>
    <marc:datafield tag="035" ind1=" " ind2=" ">
      <marc:subfield code="a">(OCoLC)247583842</marc:subfield>
    </marc:datafield>
    <marc:datafield tag="040" ind1=" " ind2=" ">
      <marc:subfield code="a">DE-627</marc:subfield>
      <marc:subfield code="b">ger</marc:subfield>
      <marc:subfield code="c">DE-627</marc:subfield>
      <marc:subfield code="e">rakwb</marc:subfield>
    </marc:datafield>
    <marc:datafield tag="041" ind1=" " ind2=" ">
      <marc:subfield code="a">lat</marc:subfield>
    </marc:datafield>
    <marc:datafield tag="084" ind1=" " ind2=" ">
      <marc:subfield code="a">1</marc:subfield>
      <marc:subfield code="2">ssgn</marc:subfield>
    </marc:datafield>
    <marc:datafield tag="100" ind1="1" ind2=" ">
      <marc:subfield code="a">Horn, Caspar Heinrich</marc:subfield>
      <marc:subfield code="d">1657-1718</marc:subfield>
      <marc:subfield code="0">(DE-588)100069789</marc:subfield>
      <marc:subfield code="0">(DE-627)071924337</marc:subfield>
      <marc:subfield code="0">(DE-576)288622251</marc:subfield>
      <marc:subfield code="4">aut</marc:subfield>
    </marc:datafield>
    <marc:datafield tag="245" ind1="1" ind2="0">
      <marc:subfield code="a">Decanus Ordinis Juridici In Academia VVittenbergensi, Caspar Henricus Hornius, JC. Codicis Prof. Publ. Consiliarius Regius, &amp; Electoralis in Senatu Provocationum, nec non Collegiorum Juridicorum, quæ hic sunt, Assessor Lecturis Omnibus  S. P. D.</marc:subfield>
      <marc:subfield code="b">[P. P. XVIII. post Trinitatis MDCCXI.]</marc:subfield>
    </marc:datafield>
    <marc:datafield tag="246" ind1="3" ind2="0">
      <marc:subfield code="a">iuridici iuridicorum</marc:subfield>
    </marc:datafield>
    <marc:datafield tag="264" ind1=" " ind2="1">
      <marc:subfield code="a">[S.l.]</marc:subfield>
      <marc:subfield code="c">[1711]</marc:subfield>
    </marc:datafield>
    <marc:datafield tag="300" ind1=" " ind2=" ">
      <marc:subfield code="a">[4] Bl.</marc:subfield>
      <marc:subfield code="c">4°</marc:subfield>
    </marc:datafield>
    <marc:datafield tag="336" ind1=" " ind2=" ">
      <marc:subfield code="a">Text</marc:subfield>
      <marc:subfield code="b">txt</marc:subfield>
      <marc:subfield code="2">rdacontent</marc:subfield>
    </marc:datafield>
    <marc:datafield tag="337" ind1=" " ind2=" ">
      <marc:subfield code="a">ohne Hilfsmittel zu benutzen</marc:subfield>
      <marc:subfield code="b">n</marc:subfield>
      <marc:subfield code="2">rdamedia</marc:subfield>
    </marc:datafield>
    <marc:datafield tag="338" ind1=" " ind2=" ">
      <marc:subfield code="a">Band</marc:subfield>
      <marc:subfield code="b">nc</marc:subfield>
      <marc:subfield code="2">rdacarrier</marc:subfield>
    </marc:datafield>
    <marc:datafield tag="500" ind1=" " ind2=" ">
      <marc:subfield code="a">Enth. Lebenslauf des Kandidaten</marc:subfield>
    </marc:datafield>
    <marc:datafield tag="500" ind1=" " ind2=" ">
      <marc:subfield code="a">Erscheinungsjahr nach Datierung am Textende</marc:subfield>
    </marc:datafield>
    <marc:datafield tag="520" ind1=" " ind2=" ">
      <marc:subfield code="a">Einladung zur Verteidigung der jur. Diss. von Gottlob Rivinus am 5. Okt. 1711</marc:subfield>
    </marc:datafield>
    <marc:datafield tag="655" ind1=" " ind2="7">
      <marc:subfield code="a">Universitätsprogramm</marc:subfield>
      <marc:subfield code="0">(DE-627)096633263</marc:subfield>
      <marc:subfield code="2">local</marc:subfield>
    </marc:datafield>
    <marc:datafield tag="655" ind1=" " ind2="7">
      <marc:subfield code="a">Gelegenheitsschrift:Einladung</marc:subfield>
      <marc:subfield code="0">(DE-627)096631570</marc:subfield>
      <marc:subfield code="2">local</marc:subfield>
    </marc:datafield>
    <marc:datafield tag="655" ind1=" " ind2="7">
      <marc:subfield code="a">Biographie</marc:subfield>
      <marc:subfield code="0">(DE-627)096631023</marc:subfield>
      <marc:subfield code="2">local</marc:subfield>
    </marc:datafield>
    <marc:datafield tag="700" ind1="1" ind2=" ">
      <marc:subfield code="a">Rivinus, Gottlob</marc:subfield>
      <marc:subfield code="d">1690-</marc:subfield>
      <marc:subfield code="0">(DE-588)1015368409</marc:subfield>
      <marc:subfield code="0">(DE-627)668554207</marc:subfield>
      <marc:subfield code="0">(DE-576)350512744</marc:subfield>
      <marc:subfield code="4">oth</marc:subfield>
    </marc:datafield>
    <marc:datafield tag="776" ind1="0" ind2="8">
      <marc:subfield code="i">Digitalisierte Ausg.</marc:subfield>
      <marc:subfield code="a">Horn, Caspar Heinrich, 1657 - 1718</marc:subfield>
      <marc:subfield code="t">Decanus Ordinis Juridici In Academia VVittenbergensi, Caspar Henricus Hornius, JC. Codicis Prof. Publ. Consiliarius Regius, &amp; Electoralis in Senatu Provocationum, nec non Collegiorum Juridicorum, quæ hic sunt, Assessor Lecturis Omnibus  S. P. D.</marc:subfield>
      <marc:subfield code="d">[S.l.], 1711</marc:subfield>
      <marc:subfield code="h">[4] Bl.</marc:subfield>
      <marc:subfield code="w">(DE-627)877371377</marc:subfield>
      <marc:subfield code="w">(DE-576)9877371375</marc:subfield>
    </marc:datafield>
    <marc:datafield tag="850" ind1=" " ind2=" ">
      <marc:subfield code="a">RedVD18-DE-3</marc:subfield>
    </marc:datafield>
    <marc:datafield tag="912" ind1=" " ind2=" ">
      <marc:subfield code="a">vd18</marc:subfield>
    </marc:datafield>
    <marc:datafield tag="924" ind1="0" ind2=" ">
      <marc:subfield code="a">1713357895</marc:subfield>
      <marc:subfield code="b">DE-7</marc:subfield>
      <marc:subfield code="9">7</marc:subfield>
      <marc:subfield code="c">GBV</marc:subfield>
      <marc:subfield code="d">b</marc:subfield>
      <marc:subfield code="g">DISS JUR COLL MAX 16 (5b)</marc:subfield>
      <marc:subfield code="h">HG-MAG</marc:subfield>
    </marc:datafield>
    <marc:datafield tag="924" ind1="0" ind2=" ">
      <marc:subfield code="a">236269704</marc:subfield>
      <marc:subfield code="b">DE-32</marc:subfield>
      <marc:subfield code="9">32</marc:subfield>
      <marc:subfield code="c">GBV</marc:subfield>
      <marc:subfield code="d">d</marc:subfield>
      <marc:subfield code="g">Scha BS 4 A 02409</marc:subfield>
      <marc:subfield code="g">4° X : 96</marc:subfield>
      <marc:subfield code="h">Mag-SLS</marc:subfield>
    </marc:datafield>
    <marc:datafield tag="924" ind1="0" ind2=" ">
      <marc:subfield code="a">387899049</marc:subfield>
      <marc:subfield code="b">DE-3</marc:subfield>
      <marc:subfield code="9">3</marc:subfield>
      <marc:subfield code="c">GBV</marc:subfield>
      <marc:subfield code="d">d</marc:subfield>
      <marc:subfield code="g">Wittenberg, Diss., 1711 H-Z (6)</marc:subfield>
      <marc:subfield code="g">VD18-Digitalisat</marc:subfield>
      <marc:subfield code="h">M3</marc:subfield>
    </marc:datafield>
    <marc:datafield tag="924" ind1="0" ind2=" ">
      <marc:subfield code="a">740755161</marc:subfield>
      <marc:subfield code="b">DE-3</marc:subfield>
      <marc:subfield code="9">3</marc:subfield>
      <marc:subfield code="c">GBV</marc:subfield>
      <marc:subfield code="d">d</marc:subfield>
      <marc:subfield code="g">05 H 790 (2)</marc:subfield>
      <marc:subfield code="h">M1</marc:subfield>
    </marc:datafield>
    <marc:datafield tag="924" ind1="0" ind2=" ">
      <marc:subfield code="a">899004016</marc:subfield>
      <marc:subfield code="b">DE-Wb1</marc:subfield>
      <marc:subfield code="9">Wb 1</marc:subfield>
      <marc:subfield code="c">GBV</marc:subfield>
      <marc:subfield code="d">b</marc:subfield>
      <marc:subfield code="g">MHD 162 (33b)</marc:subfield>
      <marc:subfield code="h">LG</marc:subfield>
    </marc:datafield>
    <marc:datafield tag="924" ind1="0" ind2=" ">
      <marc:subfield code="a">4536810552</marc:subfield>
      <marc:subfield code="b">DE-Tue135</marc:subfield>
      <marc:subfield code="9">Tü 135</marc:subfield>
      <marc:subfield code="c">BSZ</marc:subfield>
      <marc:subfield code="d">d</marc:subfield>
    </marc:datafield>
    <marc:datafield tag="935" ind1=" " ind2=" ">
      <marc:subfield code="a">RFBW</marc:subfield>
      <marc:subfield code="a">mteo</marc:subfield>
    </marc:datafield>
    <marc:datafield tag="935" ind1=" " ind2=" ">
      <marc:subfield code="i">vd18</marc:subfield>
    </marc:datafield>
    <marc:datafield tag="951" ind1=" " ind2=" ">
      <marc:subfield code="a">BO</marc:subfield>
    </marc:datafield>
  </marc:record>
</marc:collection>
